Heroes & Villains - Metro Boomin (tracklist) - Statystyki

Ogólne statystyki
  • Ten quiz został rozwiązany 4 razy
  • Średni wynik to 9 z 15
Statystyki odpowiedzi
Hint Odpowiedź % Poprawnych
10. Creepin'
100%
1. On Time
100%
2. Superhero
100%
7. Around Me
67%
14. Feel The Fiyaaaah
67%
11. Niagara Falls
67%
6. Trance
67%
12. Walk Em Down
67%
15. All the money
33%
9. I Can't Save You (Interlude)
33%
13. Lock On Me
33%
8. Metro Spider
33%
4. Raindrops
33%
3. Too Many Nights
33%
5. Umbrella
33%
Nie znaleziono quizów pasujących do podanych kryteriów
Rozkład punktacji
Procent ludzi z każdym wynikiem
Percentyl według liczby udzielonych odpowiedzi
Twoja historia wyników
Nie rozwiązałeś tego quizu